000 00435nam a2200145Ia 4500
008 230917s9999||||xx |||||||||||||| ||und||
040 _e87978
_aMAIN
041 _aEnglish
082 _a301.426 I8N
100 _aInternational Institute for Population Science
245 0 _aNational family health survey India 1998-99
260 _aMumbai
_bInternational Institute for Population Science
_c2001
300 _avii, 308 p.
942 _cBK
999 _c81615
_d81615